书目信息 |
| 题名: |
侵华日军毒气战事例事-日军用毒1800例
|
|
| 作者: | 纪学仁 编著 | |
| 分册: | ||
| 出版信息: | 北京 社会科学文献 2008.01 |
|
| 页数: | 553页 | |
| 开本: | 20cm | |
| 丛书名: | ||
| 单 册: | ||
| 中图分类: | K265.306 | |
| 科图分类: | ||
| 主题词: | 中国--历史 | |
| 电子资源: | ||
| ISBN: | 978-7-5097-0013-6 | |
| 000 | 00493nam0 2200181 45 | |
| 005 | 20080910150945.04 | |
| 010 | @a978-7-5097-0013-6@dCNY59.00 | |
| 092 | @bLR | |
| 102 | @aCN@b110000 | |
| 200 | 1 | @a侵华日军毒气战事例事-日军用毒1800例@f纪学仁编著@Fji xue ren bian zhu |
| 210 | @a北京@c社会科学文献@d2008.01 | |
| 215 | @a553页@d20cm | |
| 606 | 0 | @a中国@x历史 |
| 690 | @aK265.306@v4 | |
| 701 | 0 | @a纪学仁@Aji xue ren@4编著 |
| 801 | 0 | @c20080910 |
| 905 | @dK265.306@eJ161@f6 | |
| 906 | @cLR@dCNY59.00@n0@r1 | |
| 侵华日军毒气战事例事-日军用毒1800例/纪学仁编著.-北京:社会科学文献,2008.01 |
| 553页;20cm |
| ISBN 978-7-5097-0013-6:CNY59.00 |
| ● |
| 相关链接 |
|
|
|
正题名:侵华日军毒气战事例事-日军用毒1800例
索取号:K265.306/J161
 
预约/预借
| 序号 | 登录号 | 条形码 | 馆藏地/架位号 | 状态 | 备注 |
| 1 | 677597 | 206775970 | 社科库309/309社科库 36排7列1层/ [索取号:K265.306/J161] | 在馆 | |
| 2 | 677598 | 206775989 | 社科库309/309社科库 36排7列1层/ [索取号:K265.306/J161] | 在馆 | |
| 3 | 677599 | 206775998 | 社科库309/309社科库 36排7列1层/ [索取号:K265.306/J161] | 在馆 |